| 000 | 00594nam a22001697a 4500 | ||
|---|---|---|---|
| 003 | NUST | ||
| 038 | _aNusrat Nadeem | ||
| 082 | _a200 | ||
| 100 |
_aAftab, Zain _9120218 |
||
| 245 |
_aIdentification of Students Facing Early Difficulties Through Machine Learning Techniques and Providing Recommendations For Improvement/ _cZain Aftab, |
||
| 264 |
_aIslamabad, _bSEECS NUST, _c2023. |
||
| 300 |
_aill: _b81,p: _c30,cm. |
||
| 650 |
_aMS-Data Science _9123017 |
||
| 700 |
_aSupervisor: Dr. Arham Muslim _9104694 |
||
| 856 | _uhttp://10.250.8.41:8080/xmlui/handle/123456789/39123 | ||
| 942 |
_2ddc _cSC |
||
| 999 |
_c607618 _d607618 |
||